00378nam a22001337a 450000500170000000800410001702000180005805000170007624500540009325000080014726000560015530000090021171000240022020250221120132.0250221b |||||||| |||| 00| 0 eng d a9781861522429 aHF5686 bINT aThe International handbook of financial reporting a2nd aLondonbInternational Thomson Business Presscc1997 a422p aNexia International